Top 10 Most Used Social Networks Worldwide – 2025 - Statistics

General Stats
  • This quiz has been taken 16 times
  • The average score is 6 of 10
Answer Stats
Hint Answer % Correct
3,05 billion Facebook
94%
2 billion Instagram
94%
750 million Snapchat
75%
1,6 billion TikTok
75%
3,00 billion YouTube
75%
900 million LinkedIn
44%
2,8 billion Whatsapp
44%
430 million Reddit
38%
1,3 billion WeChat
25%
465 million Pinterest
13%
No matching quizzes found
Score Distribution
Percent of People with Each Score
Percentile by Number Answered
Your Score History
You have not taken this quiz